Τα άνθη του κακού
Αποθηκεύτηκε σε:
| Κύριος συγγραφέας: | |
|---|---|
| Άλλοι συγγραφείς: | |
| Μορφή: | Βιβλίο |
| Γλώσσα: | Greek French |
| Δημοσίευση: |
Αθήνα :
Γκοβόστης,
[1990?]
|
| Θέματα: | |
| Ετικέτες: |
Προσθήκη ετικέτας
Δεν υπάρχουν, Καταχωρήστε ετικέτα πρώτοι!
|
MARC
| LEADER | 00000cam a2200000 i 4500 | ||
|---|---|---|---|
| 001 | 1/68149 | ||
| 008 | 041209s1990 gr | ||| |||| ||gre|| | ||
| 020 | |a 9602705914 | ||
| 035 | |l 10075718 | ||
| 040 | |a GR-MyUa |b gre |e AACR2 | ||
| 041 | 1 | |a gre |a fre | |
| 082 | 7 | |a 841.8 |2 (21) | |
| 100 | 1 | |a Baudelaire, Charles, |d 1821-1867. | |
| 245 | 1 | 3 | |a Τα άνθη του κακού / |c Κάρολος Μπωντλαίρ ; μετάφραση: Δέσπω Καρούσου. |
| 260 | |a Αθήνα : |b Γκοβόστης, |c [1990?] | ||
| 300 | |a τ. : |b εικ. ; |c 23 εκ. | ||
| 650 | 0 | |a French poetry |x Literary collections. | |
| 700 | 1 | |a Καρούσου, Δέσπω, |e trlf | |
| 765 | 0 | 8 | |i Μετάφραση του: |t Les fleurs du mal / |
| 852 | |a INST |b RHODES |e 20041209 |h 841.8 BAU |p 005400018042 |q 005400018042 |t BK |y 0 |z τ.1 | ||
| 852 | |a INST |b RHODES |e 20041209 |h 841.8 BAU |p 005400018042 |q 005400018042 |t BK |v τ.1: |y 0 |z τ.1 | ||
| 853 | |a INST |b RHODES |h 841.8 BAU | ||
| 901 | |a BIBL4-2005-1 | ||
| 922 | |a 4ΕΛΗ |b 200412 |c ΒΙΒΛΙΟΘΗΚΗ |d ΔΕΝΤΡΟ | ||
| 950 | |a 094 | ||
| 970 | |a Χοροζίδου |b Τζένη |z 2005/02/03 | ||